000 00977nam0a22002411 4500
001 rc\3013995
005 20250530013000.0
035 _a(NLR Aleph) 007156357
090 _a7203978
_c7203978
100 _a20080305d1935 |||y0rusy50 ca
101 0 _arus
102 _aRU
105 _aa g ||||y
200 1 _aСправочник по борьбе с основными вредителями и болезнями сельскохозяйственных растений в Азово-Черноморском крае
_fП.П. Вилков и П.В. Виноградов
210 _aРостов н/Д
_cАзово-Черном. краев. кн-во
_d1935
_gтип. им. Коминтерна
215 _aОбл., 63 с.
_cил.
_d23х30 см
700 1 _aВилков
_bП.П.
_gПавел Павлович
701 1 _aВиноградов
_bП.В.
801 0 _aRU
_bNLR
_gpsbo
801 1 _aRU
_bELAR
_2rusmarc
852 _aNLR
_j35-13/171
942 _cBOOK
980 _aNB